| 000 | 01469nam a22003977a 4500 | ||
|---|---|---|---|
| 003 | CHAP | ||
| 005 | 20220329135428.0 | ||
| 008 | 971013s1979 r 00010 d | ||
| 010 | _a36319 | ||
| 011 | _a37291 | ||
| 035 | _a41410 | ||
| 040 | _cCHAP | ||
| 090 | _aTesis | ||
| 100 | 0 | 0 |
_aOrozco Romero, José. _983698 |
| 245 | _aEstudio sobre las relaciones entre la fertilización con NPK, el análisis foliar, la producción y calidad en limón mexicano (Citrus aurantifolia. Swingle) | ||
| 260 |
_aChapingo, Méx. : _bEl autor, _c1979 |
||
| 300 |
_a172 h. _b; gráfs. |
||
| 502 | _aTesis (M. C. Esp. en Suelos) -- Colegio de Postgraduados. Rama de Suelos | ||
| 590 |
_aALEPH _b10 _c20130110 _lUCH01 _h1301 |
||
| 590 |
_aBATCH-UPD _b10 _c20130110 _lUCH01 _h0011 |
||
| 590 |
_aBATCH-UPD _b10 _c20130110 _lUCH01 _h2154 |
||
| 590 |
_aBATCH-UPD _b10 _c20130409 _lUCH01 _h1948 |
||
| 590 |
_aBATCH-UPD _b10 _c20130410 _lUCH01 _h1502 |
||
| 590 |
_aBATCH-UPD _b10 _c20130914 _lUCH01 _h1200 |
||
| 590 |
_aCONVERSION _b10 _c20130109 _lUCH01 _h1320 |
||
| 650 | 1 | 4 |
_aDiagnóstico foliar. _932394 |
| 650 | 1 | 4 |
_aFertilizantes _xEfecto en limón. _940523 |
| 650 | 1 | 4 |
_aFósforo _xEfecto en limón. _942241 |
| 650 | 1 | 4 |
_aNitrógeno _xEfecto en limón. _981444 |
| 650 | 1 | 4 |
_aPotasio _xEfecto en limón. _991101 |
| 901 | _aBK | ||
| 942 | _cFOLL | ||
| 949 |
_bBC _cTES _d-94773 _eTS1 _i41410 _si |
||
| 949 |
_bBC _cTES _d-94774 _eTS2 _fc.2 _i41410 _si |
||
| 949 |
_bBC _cTES _d-94775 _eTS2 _fc.3 _i41410 _si |
||
| 999 |
_c36319 _d36319 |
||